Visualizzazione normale
Vista MARC
- Paulus Apostolus,
di Personal Name
Records bibliografici associati: 19
001 - CONTROL NUMBER
- control field: 57523
003 - CONTROL NUMBER IDENTIFIER
- control field:
005 - DATE AND TIME OF LATEST TRANSACTION
- control field: 20181123111216.0
008 - FIXED-LENGTH DATA ELEMENTS
- fixed length control field: 181123|| aca||aabn | a|a d
040 ## - CATALOGING SOURCE
- Original cataloging agency:
- Transcribing agency:
100 ## - HEADING--PERSONAL NAME
- Personal name: Paulus Apostolus,
- Titles and other words associated with a name: santo.
670 ## - SOURCE DATA FOUND
- Source citation: Work cat.: ()0: Bornkamm, Günther, 1905-1990. autore 57522, Pablo de Tarso /, 1991.